Banning the bomb (Record no. 946)

MARC details
000 -LEADER
fixed length control field 00817 a2200193 4500
008 - FIXED-LENGTH DATA ELEMENTS--GENERAL INFORMATION
fixed length control field 080821t xxu||||| |||| 00| 0 eng d
010 ## - LIBRARY OF CONGRESS CONTROL NUMBER
LC control number ENG-85047
020 ## - INTERNATIONAL STANDARD BOOK NUMBER
International Standard Book Number 8131701174
Terms of availability 475.00
035 ## - SYSTEM CONTROL NUMBER
System control number EN-68580
037 ## - SOURCE OF ACQUISITION
Source of stock number/acquisition D.B.Act / Pub
082 ## - DEWEY DECIMAL CLASSIFICATION NUMBER
Classification number 341.734
100 ## - MAIN ENTRY--PERSONAL NAME
Personal name Mallavarapu, Siddharth.
245 ## - TITLE STATEMENT
Title Banning the bomb
Remainder of title the politics of norm creation
Statement of responsibility, etc Siddharth Mallavarapu.
260 ## - PUBLICATION, DISTRIBUTION, ETC. (IMPRINT)
Place of publication, distribution, etc Delhi
Name of publisher, distributor, etc Dorling Kindersley (India), licensees of Pearson Education in South Asia,
Date of publication, distribution, etc 2007.
300 ## - PHYSICAL DESCRIPTION
Extent xv, 229 p.
Dimensions 23 cm. (Hb)
500 ## - GENERAL NOTE
General note Includes bibliographical references and index
942 ## - ADDED ENTRY ELEMENTS (KOHA)
Institution code [OBSOLETE] dpl
Koha item type English Books
Call number prefix 341.734 / MAL
Source of classification or shelving scheme Dewey Decimal Classification
Classification part 341.734
Call number suffix MAL
Holdings
Withdrawn status Lost status Damaged status Not for loan Home library Current library Date acquired Cost, normal purchase price Total Checkouts Full call number Barcode Date last seen Copy number Uniform Resource Identifier Cost, replacement price Price effective from Koha item type
        D.B.Act.Division D.B.Act.Division 21/08/2008 475.00   341.734 MAL EN-68580 15/09/2008 1 1010 475.00 15/09/2008 English Books

© Delhi Public Library
Hit Counter
free hit counter